| 000 | 00698cab a2200205 4500 | ||
|---|---|---|---|
| 001 | WB2837-76 | ||
| 008 | 090401t1992 xxu||||| |||| 00| 0 eng d | ||
| 035 | _a(Sirsi) u19665 | ||
| 041 | _aeng | ||
| 245 | _aStaff numbers plummet | ||
| 260 | _c1992 | ||
| 350 | _a0 | ||
| 490 |
_aBuilding _v257(7763) 25 September 1992, 13(1) |
||
| 520 | _aBritain`s top 10 multidisciplinary practices cut almost 30% of their qualified staff in the year to June according to a survey of top consultancies commissioned by "Building". | ||
| 650 | _aMULTIDISCIPLINARY PRACTICES | ||
| 650 | _aREDUNDANCIES | ||
| 690 | _aMANAGEMENT-BUSINESS MANAGEMENT-PROFESSIONAL PRACTICE | ||
| 942 | _n0 | ||
| 948 | _c04/03/1997 | ||
| 999 |
_c13155 _d13155 |
||